[Event "Montreal Fete du travail"]
[Site "Montreal"]
[Date "2007.09.02"]
[Round "3"]
[White "Chesnut, Walter"]
[Black "Lefebvre, Gabriel"]
[Result "1-0"]
[WhiteElo "1484"]
[BlackElo "1490"]
[PlyCount "99"]
[EventDate "2007.09.01"]
[EventType "swiss"]
[EventRounds "5"]
[EventCountry "CAN"]
[SourceTitle "EXT 2022"]
[Source "ChessBase"]
[SourceDate "2021.10.06"]
[SourceVersion "1"]
[SourceVersionDate "2021.10.06"]
[SourceQuality "1"]

1. d4 Nf6 2. c4 e6 3. Nf3 b6 4. g3 Bb7 5. Bg2 Bb4+ 6. Bd2 Bxd2+ 7. Qxd2 Ne4 8. Qc2 f5 9. Nc3 0-0 10. 0-0 Nxc3 11. Qxc3 d6 12. c5 bxc5 13. dxc5 d5 14. Nd4 Qf6 15. Qe3 Re8 16. Nb5 Na6 17. Rab1 Bc6 18. Nd4 e5 19. Nxc6 Qxc6 20. b4 Rab8 21. a3 e4 22. Qc3 Qb5 23. e3 c6 24. Rfc1 Nc7 25. Bf1 Qb7 26. a4 a6 27. Bh3 g6 28. Bf1 Ne6 29. b5 axb5 30. axb5 Ng5 31. Rd1 Nf3+ 32. Kh1 Ne5 33. bxc6 Qxb1 34. Rxb1 Rxb1 35. Kg2 Nxc6 36. Qf6 Ne5 37. Qd6 Nf7 38. Qa6 g5 39. c6 f4 40. c7 f3+ 41. Kh3 Rc1 42. Bb5 Rf8 43. Bc6 g4+ 44. Kh4 Rh1 45. Bxd5 Rxh2+ 46. Kxg4 h5+ 47. Kf4 Kg7 48. c8Q Rxc8 49. Qxc8 Rxf2 50. Qd7 1-0

[Event "Longueuil CC ch"]
[Site "Longueuil"]
[Date "2007.01.20"]
[Round "3"]
[White "Lefebvre, Gabriel"]
[Black "Maystorov, Vasil"]
[Result "1-0"]
[WhiteElo "1572"]
[BlackElo "1735"]
[PlyCount "49"]
[EventDate "2007.01.??"]
[EventType "swiss"]
[EventRounds "5"]
[EventCountry "CAN"]
[SourceTitle "EXT 2022"]
[Source "ChessBase"]
[SourceDate "2021.10.06"]
[SourceVersion "1"]
[SourceVersionDate "2021.10.06"]
[SourceQuality "1"]

1. e4 e5 2. Nf3 Nc6 3. Bb5 d6 4. d4 Bd7 5. 0-0 exd4 6. Nxd4 Nf6 7. Nc3 Be7 8. Re1 0-0 9. Nxc6 bxc6 10. Bd3 Be6 11. e5 Nd7 12. exd6 cxd6 13. Qh5 Nf6 14. Qh4 h6 15. Bxh6 Ng4 16. Bg5 Nh6 17. Bxe7 Qb6 18. Bxf8 Kxf8 19. Qf4 Kg8 20. Qxd6 Rd8 21. Rxe6 fxe6 22. Qxe6+ Kf8 23. Re1 Ng8 24. Bg6 Qc7 25. Qe8+ 1-0

[Event "Quebec-ch qual1"]
[Site "Montreal"]
[Date "2006.05.06"]
[Round "2"]
[White "Bordeleau, Jean Francois"]
[Black "Lefebvre, Gabriel"]
[Result "1-0"]
[WhiteElo "1443"]
[BlackElo "1494"]
[PlyCount "55"]
[EventDate "2006.05.05"]
[EventType "swiss"]
[EventRounds "5"]
[EventCountry "CAN"]
[SourceTitle "EXT 2007"]
[Source "ChessBase"]
[SourceDate "2006.11.23"]
[SourceVersion "1"]
[SourceVersionDate "2006.11.23"]
[SourceQuality "1"]

1. e4 c5 2. c3 Nf6 3. e5 Nd5 4. d4 cxd4 5. cxd4 e6 6. Nc3 Bb4 7. Bd2 Qa5 8. Qc1 Nc6 9. Nf3 0-0 10. Bd3 Nxc3 11. bxc3 Ba3 12. Qc2 g6 13. 0-0 d6 14. Rfe1 dxe5 15. Nxe5 Nxe5 16. Rxe5 Qc7 17. Bh6 Rd8 18. Bg5 Re8 19. Qa4 Qxc3 20. Qxe8+ Kg7 21. Rd1 f6 22. Bxf6+ Kxf6 23. Qh8+ Ke7 24. Qg7+ Kd8 25. d5 Bd7 26. dxe6 Ba4 27. Bb5+ Kc8 28. Qd7+ 1-0

[Event "Quebec-ch qual U1600"]
[Site "Montreal"]
[Date "2005.10.09"]
[Round "3"]
[White "Kieu, Marc Andre"]
[Black "Lefebvre, Gabriel"]
[Result "1-0"]
[WhiteElo "1576"]
[BlackElo "1509"]
[PlyCount "125"]
[EventDate "2005.10.08"]
[EventType "swiss"]
[EventRounds "3"]
[EventCountry "CAN"]
[SourceTitle "EXT 2009"]
[Source "ChessBase"]
[SourceDate "2008.11.26"]
[SourceVersion "1"]
[SourceVersionDate "2008.11.26"]
[SourceQuality "1"]

1. e4 c5 2. Nf3 d6 3. d4 cxd4 4. Nxd4 Nf6 5. Nc3 e6 6. Be2 Be7 7. Be3 0-0 8. 0-0 a6 9. Kh1 Qc7 10. f4 Nbd7 11. Bf3 Rb8 12. g4 b5 13. g5 Ne8 14. a3 Nb6 15. h4 Nc4 16. Bc1 b4 17. axb4 Rxb4 18. b3 Ne3 19. Bxe3 Qxc3 20. Qe1 Qxe1 21. Rfxe1 Bd7 22. Rxa6 Rb7 23. e5 d5 24. Nc6 Bxc6 25. Rxc6 Rc7 26. Rxc7 Nxc7 27. Ra1 Ra8 28. Rxa8+ Nxa8 29. c4 Nc7 30. Bb6 Bd8 31. Bxc7 Bxc7 32. cxd5 exd5 33. Bxd5 Kf8 34. Kg2 f6 35. exf6 Bxf4 36. f7 Bd2 37. Kf3 Bb4 38. Kf4 Ba5 39. Kf5 Bb4 40. Ke6 Be1 41. h5 Bd2 42. Kf5 Ke7 43. Bc4 Kf8 44. Ke6 Bxg5 45. Bd3 h6 46. b4 Bd2 47. b5 Ba5 48. Bc4 Bb6 49. Kd7 Ba5 50. Kc6 Ke7 51. b6 Be1 52. b7 Bg3 53. Kb6 Bb8 54. Ka6 Kf8 55. Kb6 Ke7 56. Kc6 Bg3 57. Kc5 Bd6+ 58. Kd5 Bb8 59. Ke4 Bd6 60. Kf5 Bc7 61. Kg6 Be5 62. b8Q Bxb8 63. Kxg7 1-0

[Event "Quebec-ch qual U1600"]
[Site "Montreal"]
[Date "2005.10.08"]
[Round "2"]
[White "Mok, Yuen Tak"]
[Black "Lefebvre, Gabriel"]
[Result "1-0"]
[WhiteElo "1579"]
[BlackElo "1509"]
[PlyCount "69"]
[EventDate "2005.10.08"]
[EventType "swiss"]
[EventRounds "3"]
[EventCountry "CAN"]
[SourceTitle "EXT 2009"]
[Source "ChessBase"]
[SourceDate "2008.11.26"]
[SourceVersion "1"]
[SourceVersionDate "2008.11.26"]
[SourceQuality "1"]

1. e4 c5 2. b3 Nc6 3. Bb2 d6 4. Nc3 Nf6 5. Bb5 g6 6. Nge2 Bg7 7. d3 0-0 8. 0-0 a6 9. Bxc6 bxc6 10. Qe1 d5 11. Na4 Qc7 12. Ng3 h5 13. e5 Ng4 14. f4 h4 15. h3 Nh6 16. Ne2 Nf5 17. Qf2 g5 18. Nxc5 gxf4 19. d4 Bh6 20. Nxf4 Ng3 21. Rfe1 Kh8 22. Bc1 Rg8 23. e6 f6 24. Nxd5 cxd5 25. Bxh6 Rg6 26. Bf4 Qb6 27. Qf3 Bb7 28. Bxg3 Rxg3 29. Qh5+ Kg7 30. Qf7+ Kh6 31. Qxe7 Rag8 32. Qxf6+ R8g6 33. Qh8+ Kg5 34. Re5+ Kf4 35. Rf1+ 1-0

[Event "Quebec-ch qual 1"]
[Site "Montreal"]
[Date "2004.04.30"]
[Round "1"]
[White "Anastasovski, Nikola"]
[Black "Lefebvre, Gabriel"]
[Result "1-0"]
[WhiteElo "2051"]
[BlackElo "1465"]
[PlyCount "63"]
[EventDate "2004.04.??"]
[EventType "swiss"]
[EventRounds "5"]
[EventCountry "CAN"]
[SourceTitle "EXT 2005"]
[Source "ChessBase"]
[SourceDate "2004.11.15"]
[SourceVersion "1"]
[SourceVersionDate "2004.11.15"]
[SourceQuality "1"]

1. e4 g6 2. c4 c5 3. Nc3 Bg7 4. g3 Nc6 5. Bg2 d6 6. d3 Nf6 7. h3 0-0 8. Be3 Qa5 9. Qd2 Nd4 10. Rc1 a6 11. Nge2 e5 12. f4 b5 13. b3 Rb8 14. fxe5 dxe5 15. 0-0 Rd8 16. Bg5 Rd6 17. Nxd4 cxd4 18. Nd5 Qxd2 19. Bxd2 bxc4 20. bxc4 Nxd5 21. exd5 Rb2 22. c5 Rd8 23. Ba5 Rf8 24. Rf2 Rxf2 25. Kxf2 f6 26. Bd2 f5 27. Ke2 Re8 28. d6 Bf8 29. Bc6 Rd8 30. Bg5 Bd7 31. Bd5+ Kg7 32. Bxd8 1-0

[Event "Montreal Lawson Memorial"]
[Site "Montreal"]
[Date "2002.12.21"]
[Round "3"]
[White "Lefebvre, Gabriel"]
[Black "Rozybakiyev, Rasul"]
[Result "0-1"]
[WhiteElo "1407"]
[BlackElo "1456"]
[PlyCount "52"]
[EventDate "2002.12.20"]
[EventType "swiss"]
[EventRounds "4"]
[EventCountry "CAN"]
[SourceTitle "EXT 2006"]
[Source "ChessBase"]
[SourceDate "2005.11.24"]
[SourceVersion "1"]
[SourceVersionDate "2005.11.24"]
[SourceQuality "1"]

1. e4 c5 2. Nf3 d6 3. d4 cxd4 4. Nxd4 Nf6 5. Nc3 g6 6. Be3 Bg7 7. f3 Nc6 8. Qd2 Bd7 9. Bc4 Rc8 10. Nb3 a6 11. h4 0-0 12. 0-0-0 Ne5 13. g4 h5 14. gxh5 Nxh5 15. Bh6 b5 16. Bxg7 Kxg7 17. Ne2 Rh8 18. Nf4 Ng3 19. Rhg1 Nh5 20. Nxh5+ Rxh5 21. Qh2 e6 22. f4 Rxh4 23. Qg3 Rg4 24. Qf2 Rxg1 25. Rxg1 Nd3+ 26. Kd2 Nxf2 0-1